000
00225nam a22000857a 4500
008
170605b xxu||||| |||| 00| 0 eng d
100
_9
3272
_a
Garg. C
245
_a
World Famous popular folk
260
_a
Delhi
_b
Manoj Publication
_c
2005
999
_c
6587
_d
6587